00466nam a2200145Ia 4500020001800000082002300018100002400041245004900065260004000114300001300154504001900167650005100186650004000237650004300277 a9788131608364 a305.80095484 RAO-T aRao, Palla Trinadha 0aTribal land question: Case of Andhra Pradesh aNew DelhibRawat Publicationsc2017 axxi,256p aIncludes index aIndian reservationszAndhra PradeshzTelangana aLand usezAndhra PradeshzTelangana aLand tenurezAndhra PradeshzTelangana